| 000 | 00905nam a22003017a 4500 | ||
|---|---|---|---|
| 001 | BR8707817 | ||
| 003 | BR-BrBNA | ||
| 005 | 20230928092754.0 | ||
| 007 | ta | ||
| 008 | 230509b bl.||||| |||| 00| 0 por d | ||
| 040 |
_aBR-BrBNA _bpor _cBiblioteca Nacional de Agricultura |
||
| 041 | _a(Por) | ||
| 072 |
_aP05 _b8901 |
||
| 090 | _ 8901 BR8707817 | ||
| 100 | 1 | _aGoldemberg, J. | |
| 110 | 1 |
_aCompanhia Energetica de Sao Paulo, Sao Paulo (Brasil) _92428 |
|
| 111 | 1 |
_a9. Congresso Florestal Mundial _cMexico (Mexico) _d10 Jul 1985 |
|
| 245 | 1 | _aA energia proveniente da madeira e as perspectivas energeticas | |
| 246 | 1 | _a[Wood energy and its energetical perspectives] | |
| 260 | 3 |
_aSao Paulo, SP (Brasil): _c1985. |
|
| 300 | _a34 p. | ||
| 500 | _a7 tables | ||
| 650 | _aMADEIRA | ||
| 650 | _aENERGIA | ||
| 650 | _aRECURSO ENERGETICO | ||
| 909 |
_a202309 _bLucia _c55 _dLucia Elande |
||
| 942 | _cBK | ||
| 999 |
_c41104 _d41104 |
||